Cómo vivió María, la madre de Jesús / (Record no. 94419)

MARC details
000 -LEADER
campo de control de longitud fija 00644nam a2200193 i 4500
001 - NÚMERO DE CONTROL
campo de control 94419
003 - IDENTIFICADOR DE NÚMERO DE CONTROL
campo de control ES-MaACL
005 - FECHA Y HORA DE LA ÚLTIMA TRANSACCIÓN
campo de control 20250820051414.0
007 - CAMPO FIJO DE DESCRIPCIÓN FÍSICA--INFORMACIÓN GENERAL
campo de control de longitud fija t|
008 - DATOS DE LONGITUD FIJA--INFORMACIÓN GENERAL
campo de control de longitud fija 050429s1961 sp ||||1| spa d
100 1# - ENTRADA PRINCIPAL--NOMBRE DE PERSONA
Nombre de persona Lorenzetti, Casimiro.
9 (RLIN) 74136
245 10 - MENCIÓN DEL TÍTULO
Título Cómo vivió María, la madre de Jesús /
Mención de responsabilidad, etc. P. Casimiro Lorenzetti C. P. ; traducción del P. Agustín López de Lama C.
260 ## - PUBLICACIÓN, DISTRIBUCIÓN, ETC.
Lugar de publicación, distribución, etc. Belorado (Burgos) :
Nombre del editor, distribuidor, etc. Hijas de la Iglesia,
Fecha de publicación, distribución, etc. 1961.
300 ## - DESCRIPCIÓN FÍSICA
Extensión 205 p. :
Otras características físicas il. ;
Dimensiones 18 cm.
600 04 - PUNTO DE ACCESO ADICIONAL DE MATERIA--NOMBRE DE PERSONA
Nombre de persona Virgen María
9 (RLIN) 115436
700 1# - ENTRADA AGREGADA--NOMBRE PERSONAL
Nombre de persona López de Lama, Agustín.
9 (RLIN) 73561
852 ## - LOCALIZACIÓN
Ubicación ES-MaACL
Número de control de estantería C-21753
Holdings
Estatus retirado Estado de pérdida Estado de daño No para préstamo Biblioteca de origen Biblioteca actual Ubicación en estantería Fecha de adquisición Fuente de adquisición Total de préstamos Signatura topográfica completa Código de barras Visto por última vez Precio de reemplazo Tipo de ítem Koha
        Biblioteca del Ateneo de Madrid Biblioteca del Ateneo de Madrid Galería 17/01/2008     C-21753 1098612 23/02/2023 23/02/2023 Libro impreso